Welcome to the Holygrace Academy Library

Please use search bar below to get started

COWS IN ACTION (Record no. 6041)

MARC details
000 -LEADER
fixed length control field 00651nam a22001457a 4500
020 ## - INTERNATIONAL STANDARD BOOK NUMBER
ISBN 978-1-862-30189-4
082 ## - DEWEY DECIMAL CLASSIFICATION NUMBER
Classification number 823
Item number COL/C
100 ## - MAIN ENTRY--AUTHOR NAME
Personal name COLE, STEVE
245 ## - TITLE STATEMENT
Title COWS IN ACTION
Remainder of title THE TER-MOO-NATORS
260 ## - PUBLICATION, DISTRIBUTION, ETC. (IMPRINT)
Place of publication GREAT BRITAIN
Name of publisher RED FOX BOOKS
Year of publication 2007
300 ## - PHYSICAL DESCRIPTION
Number of Pages 150
520 ## - SUMMARY, ETC.
Summary, etc They travel through time, fighting evil bulls from the future and keeping history on the right track . . . When Professor McMoo invents a brilliant TIME MACHINE, he and his friends are soon attacked by a terrifying TER-MOO-NATOR - a deadly robo-cow who wants to mess with the past and change the future!
650 ## - SUBJECT ADDED ENTRY--TOPICAL TERM
Topical Term ADVENTURE STORY
Geographic subdivision UNITED KINGDOM
942 ## - ADDED ENTRY ELEMENTS (KOHA)
Koha item type Books
Holdings
Withdrawn status Lost status Collection code Home library Current library Shelving location Date acquired Source of acquisition Full call number Accession Number Koha item type
    Fiction Main Library Main Library SHELF 15 H-HARRY POTTER(CHARACTERISATION),WIMPY KID,DORK DIARIES 14/02/2014 purchase 823 COL/C 07928 Books